| 000 | 00793nam a22002177a 4500 | ||
|---|---|---|---|
| 003 | OSt | ||
| 005 | 20251106070853.0 | ||
| 008 | 251106b |||||||| |||| 00| 0 eng d | ||
| 020 | _a971-685-790-0 | ||
| 040 |
_aDWCL - Main Lib _cOC |
||
| 082 | _aProf. 371.102 L732i 2015 | ||
| 100 | _aLim-Borabo, Milagros | ||
| 245 |
_aInteractive And Innovative Teaching Strategies 1 : _bA Resource Book For 21st Century Teachers / _cMilagros Lim-Borabo and Heidi Grace Lim-Borabo |
||
| 260 |
_aManila, Philippines : _bLorimar Publishing, Inc., _cc2015. |
||
| 300 |
_aviii, 88 pages : _billustrations ; _c24cm. |
||
| 650 | _a1. Teaching Strategies | ||
| 650 | _a2. Lectures and Lecturing | ||
| 650 | _a3. Classroom Management | ||
| 700 | _aI. Heidi Grace Lim-Borabo | ||
| 942 |
_2ddc _cPROF. _mProf. _n0 |
||
| 999 |
_c5612 _d5612 |
||